[Event "AUTO-ADV-3807"]
[Site "http://www.queenalice.com/game.php?id=1489159"]
[Date "2017.8.8"]
[Round "2"]
[White "goldenboy"]
[Black "Bulldozer"]
[Result "1-0"]
[WhiteElo "2187"]
[BlackElo "1929"]

1. e4 e6 2. d4 d5 3. exd5 exd5 4. Nf3 Nf6 5. Bg5 Be7 6. Bd3 Bg4 7. c3 Nbd7 8.
O-O O-O 9. Re1 h6 10. Bh4 g5 11. Bg3 Nh5 12. Bc2 Nxg3 13. fxg3 Bd6 14. Qd3 Nf6
15. Ne5 Bh5 16. g4 Bxg4 17. Nxg4 Bxh2+ 18. Nxh2 1-0

[Event "AUTO-INT-3238"]
[Site "http://www.queenalice.com/game.php?id=1507839"]
[Date "2017.12.13"]
[Round "2"]
[White "Givanildo"]
[Black "Bulldozer"]
[Result "0-1"]
[WhiteElo "1589"]
[BlackElo "1813"]

1. d4 d5 2. Bf4 Nf6 3. h3 e6 4. e3 Bd6 5. Be2 Bxf4 6. exf4 Nbd7 7. a3 Ne4 8. Nd2
Ndf6 9. Bf3 O-O 10. Nxe4 Nxe4 11. Bxe4 dxe4 12. Ne2 b6 13. b3 f5 14. O-O Ba6 15.
c4 Qf6 16. a4 Rad8 17. Rc1 c5 18. d5 exd5 19. cxd5 Bxe2 20. Qxe2 Rxd5 21. Qc4
Qf7 22. Rc3 Rfd8 23. b4 cxb4 24. Qxb4 Qd7 25. Qb3 Kh8 26. Re3 h6 27. g4 g6 28.
gxf5 gxf5 29. Rg3 Rd3 30. Qb2+ Kh7 31. Qe2 Qd4 32. Qa2 Rxg3+ 33. Kh2 Rg7 34. a5
Rdg8 35. axb6 Rg2+ 36. Kh1 Qg7 37. Qxa7 Qxa7 38. bxa7 R2g7 39. Ra1 Ra8 40. Kh2
Raxa7 41. Re1 Ra2 42. Rf1 e3 43. Kh1 Rxf2 44. Re1 e2 45. h4 Rf1+ 46. Kh2 Rxe1
47. h5 Rh1+ 48. Kxh1 e1=Q+ 49. Kh2 Qh4# 0-1

[Event "AUTO-INT-3238"]
[Site "http://www.queenalice.com/game.php?id=1507840"]
[Date "2017.12.13"]
[Round "2"]
[White "Bulldozer"]
[Black "Givanildo"]
[Result "1-0"]
[WhiteElo "1794"]
[BlackElo "1564"]

1. e4 d5 2. exd5 Qxd5 3. Nc3 Qe6+ 4. Nce2 Bd7 5. Nf3 h6 6. d4 Nf6 7. h3 c6 8.
Be3 Na6 9. Nf4 Qd6 10. Be2 Ne4 11. O-O g5 12. Nh5 O-O-O 13. Bxa6 bxa6 14. Ne5
Be6 15. Qd3 Bd5 16. c4 Be6 17. Qxe4 f5 18. Qc2 f4 19. Bd2 Qxd4 20. Bc3 Qc5 21.
Nd3 Qxc4 22. Ne5 Qc5 23. Qa4 Rd6 24. Qxa6+ Kd8 25. Nd3 Rxd3 26. Qxd3+ Bd7 27.
Bxh8 e5 28. Rfd1 Bd6 29. Qxd6 Qxd6 30. Rxd6 Kc7 31. Bxe5 Kd8 32. Rad1 a5 33.
Rxd7+ Ke8 34. Bg7 c5 35. Nf6# 1-0

[Event "AUTO-ADV-3965"]
[Site "http://www.queenalice.com/game.php?id=1511745"]
[Date "2018.1.14"]
[Round "1"]
[White "Bulldozer"]
[Black "Nille"]
[Result "1-0"]
[WhiteElo "1790"]
[BlackElo "1958"]

1. e4 e5 2. Nf3 d6 3. Bc4 h6 4. Nc3 Nf6 5. h3 Be7 6. d3 Nc6 7. a3 Be6 8. Bxe6
fxe6 9. O-O d5 10. Qe1 d4 11. Ne2 O-O 12. Ng3 a6 13. c3 b5 14. Bd2 Na5 15. Nxe5
Nb3 16. Rd1 dxc3 17. Bxc3 Qd6 18. d4 c5 19. Ng6 Rf7 20. e5 Qd5 21. dxc5 Qxc5 22.
Bb4 Qc7 23. Nxe7+ Rxe7 24. Bxe7 Qxe7 25. exf6 Qxf6 26. Qb4 Qxb2 27. Rb1 Qd4 28.
Rxb3 Qd5 29. Rc3 a5 30. Qe7 Qd4 31. Rc7 Qe5 32. Rd1 b4 33. axb4 Rf8 34. Qxf8+
Kh7 35. Rdd7 axb4 36. Rxg7+ 1-0

[Event "AUTO-ADV-3965"]
[Site "http://www.queenalice.com/game.php?id=1511746"]
[Date "2018.1.14"]
[Round "1"]
[White "Nille"]
[Black "Bulldozer"]
[Result "1-0"]
[WhiteElo "1921"]
[BlackElo "1801"]

1. e4 e6 2. Nf3 d5 3. exd5 exd5 4. d4 Nf6 5. h3 Be7 6. Nc3 h6 7. Be2 Be6 8. a3
Nbd7 9. b4 O-O 10. Bb2 c6 11. O-O Ne4 12. Qd3 f5 13. Ne5 Ndf6 14. Ng6 Re8 15.
Nxe7+ Qxe7 16. Na4 b6 17. Nc3 Rad8 18. Rfe1 g6 19. b5 c5 20. Nxe4 dxe4 21. Qd2
Rd7 22. Qxh6 cxd4 23. Qxg6+ Qg7 24. Qxg7+ Kxg7 25. a4 Kf7 26. a5 Rc8 27. axb6
axb6 28. Bd1 Nd5 29. Bxd4 Rg8 30. Bh5+ Kf8 31. Ra8+ Ke7 32. Rxg8 Nf4 33. Rg7+
1-0

[Event "AUTO-ADV-3965"]
[Site "http://www.queenalice.com/game.php?id=1511747"]
[Date "2018.1.14"]
[Round "1"]
[White "Bulldozer"]
[Black "miguel7"]
[Result "0-1"]
[WhiteElo "1805"]
[BlackElo "1823"]

1. e4 e5 2. Nf3 Nc6 3. Bc4 Nf6 4. Nc3 Nd4 5. O-O h6 6. d3 d6 7. h3 c6 8. Bd2 b5
9. Bb3 Nxb3 10. axb3 d5 11. Nxe5 b4 12. Ne2 dxe4 0-1

[Event "AUTO-ADV-3965"]
[Site "http://www.queenalice.com/game.php?id=1511748"]
[Date "2018.1.14"]
[Round "1"]
[White "miguel7"]
[Black "Bulldozer"]
[Result "0-1"]
[WhiteElo "1844"]
[BlackElo "1820"]

1. e4 e6 2. Nf3 d5 3. exd5 exd5 4. d4 Nf6 5. Nc3 Bb4 6. Bd2 Bg4 7. h3 Bh5 8. a3
Be7 9. Bf4 c6 10. Be2 Bd6 11. Ne5 Bxe2 12. Qxe2 O-O 13. O-O Re8 14. Qf3 Nbd7 15.
Rfe1 Bc7 16. Na4 Ne4 17. Nxf7 Kxf7 18. Bxc7+ Qf6 19. Qxf6+ Nexf6 20. Be5 Ne4 21.
Re2 Re6 22. Rb1 Nxe5 23. b3 Nd7 24. b4 b5 25. Nc5 Ndxc5 26. dxc5 Rae8 27. Rb3
Nxc5 28. Rf3+ Kg8 29. Rxe6 Nxe6 30. Re3 Kf7 31. Rf3+ Kg8 32. Re3 Kf7 33. Rf3+
Ke7 34. Re3 Kd7 35. h4 Nd4 36. Rg3 Ne2+ 37. Kh2 Nxg3 38. Kxg3 Re2 39. f4 Rxc2
40. h5 Rc3+ 41. Kg4 Rxa3 42. f5 Ra4 43. Kg5 Rxb4 44. h6 gxh6+ 45. Kxh6 Rg4 0-1

[Event "AUTO-ADV-3965"]
[Site "http://www.queenalice.com/game.php?id=1511749"]
[Date "2018.1.14"]
[Round "1"]
[White "Bulldozer"]
[Black "zmanomega"]
[Result "0-1"]
[WhiteElo "1896"]
[BlackElo "1610"]

1. e4 e5 2. Nf3 d6 3. Bc4 Nh6 4. d4 f6 5. Bxh6 gxh6 6. c3 Nc6 7. Nh4 Ne7 8. Nd2
Ng6 9. Nf5 Bxf5 10. exf5 Nf4 11. g3 Nh3 0-1

[Event "AUTO-ADV-3965"]
[Site "http://www.queenalice.com/game.php?id=1511750"]
[Date "2018.1.14"]
[Round "1"]
[White "zmanomega"]
[Black "Bulldozer"]
[Result "1-0"]
[WhiteElo "1637"]
[BlackElo "1869"]

1. e4 e6 2. d4 d5 3. e5 c5 4. Bb5+ Nc6 5. dxc5 Bxc5 6. Nh3 Bd7 7. Ng5 Nxe5 8.
Bxd7+ Qxd7 9. Bf4 Ng6 10. Be3 d4 11. Bd2 e5 12. Qf3 1-0

[Event "AUTO-ADV-4068"]
[Site "http://www.queenalice.com/game.php?id=1542040"]
[Date "2018.9.12"]
[Round "1"]
[White "kakocarvalho"]
[Black "Bulldozer"]
[Result "1-0"]
[WhiteElo "1782"]
[BlackElo "1856"]

1. Nf3 d5 2. g3 Nf6 3. Bg2 e6 4. O-O c5 5. d3 Nc6 6. Nbd2 Bd6 7. e4 d4 8. Nc4 e5
9. Bg5 h6 10. Bd2 Bc7 11. a3 b5 12. Ne3 dxe3 13. Bxe3 Bb6 14. c3 Bg4 15. h3 Bh5
16. g4 Bg6 17. Nh4 Bh7 18. Nf5 Bxf5 19. exf5 O-O 20. b4 Rc8 21. bxc5 Ba5 22. d4
Bxc3 23. Rb1 a6 24. Qc1 exd4 25. Bxh6 gxh6 26. Qxh6 Ne5 27. g5 Ne8 28. g6 fxg6
29. fxg6 Qe7 30. Bd5+ 1-0

[Event "AUTO-ADV-4068"]
[Site "http://www.queenalice.com/game.php?id=1542041"]
[Date "2018.9.12"]
[Round "1"]
[White "Bulldozer"]
[Black "kakocarvalho"]
[Result "1-0"]
[WhiteElo "1861"]
[BlackElo "1790"]

1. e4 d6 2. d4 Nf6 3. Nc3 g6 4. Nf3 Bg7 5. h3 O-O 6. Bc4 Nc6 7. O-O e5 8. d5 Na5
9. Bd3 b6 10. Be3 c6 11. Rc1 cxd5 12. Nxd5 Bb7 13. c4 Nxd5 14. cxd5 Bc8 15. Qd2
Nb7 16. Bh6 f5 17. Bxg7 Kxg7 18. Ng5 f4 19. Rxc8 Qxg5 20. Rxa8 Rxa8 21. Rc1 Nc5
22. Bb1 Rf8 23. Kh2 a5 24. Qe2 h5 25. a3 Qf6 26. f3 g5 27. b4 axb4 28. axb4 Nb3
29. Rc7+ Rf7 30. Rc6 Nd4 31. Qa6 Nxc6 32. dxc6 Qd8 33. Ba2 Rc7 34. Qxb6 Rc8 35.
Qb7+ Qc7 36. Qxc7+ Rxc7 37. Bd5 Kf6 38. b5 Ke7 39. b6 Rc8 40. b7 1-0

[Event "AUTO-ADV-4068"]
[Site "http://www.queenalice.com/game.php?id=1542054"]
[Date "2018.9.12"]
[Round "1"]
[White "Bulldozer"]
[Black "michas"]
[Result "1-0"]
[WhiteElo "1837"]
[BlackElo "1678"]

1. e4 a6 2. d4 b5 3. Nf3 Bb7 4. Bd3 Nf6 5. Nbd2 e6 6. b3 c5 7. c3 cxd4 8. cxd4
Be7 9. Bb2 O-O 10. Rc1 d5 11. e5 Nfd7 12. O-O Nc6 13. h3 Nb4 14. Bb1 Rc8 15. Qe2
Qb6 16. Ba3 a5 17. Bxb4 Bxb4 18. Bxh7+ Kh8 19. Bd3 f5 20. Ng5 g6 21. Ndf3 Be7
22. Bxb5 Qd8 23. Nxe6 Qe8 24. Nxf8 Bxf8 25. Ng5 Qe7 26. f4 Rb8 27. Rc7 Rd8 28.
Rxb7 Bh6 29. e6 Bg7 30. Nf7+ Kg8 31. Nxd8 Bxd4+ 32. Kh1 Qxd8 33. Rxd7 Qb6 34. e7
Bg7 35. e8=Q+ Kh7 36. Rxg7+ Kxg7 37. Q2e7+ Kh6 38. Qh8# 1-0

[Event "AUTO-ADV-4068"]
[Site "http://www.queenalice.com/game.php?id=1542055"]
[Date "2018.9.12"]
[Round "1"]
[White "michas"]
[Black "Bulldozer"]
[Result "0-1"]
[WhiteElo "1666"]
[BlackElo "1847"]

1. e4 e6 2. e5 d5 3. Qh5 g6 4. Qf3 Bg7 5. d4 Ne7 6. c4 c5 7. Be3 cxd4 8. Bxd4
Nbc6 9. Qe3 Nxd4 10. Qxd4 Nc6 11. Qd3 Nxe5 12. Qb3 dxc4 13. Qa4+ Bd7 14. Qb4 b5
15. Nc3 Nc6 16. Qc5 a6 17. Ne4 Bd4 18. Nd6+ Kf8 19. Qa3 Kg7 20. Qf3 Qa5+ 21. Kd1
Rhf8 22. Qe2 Qb4 23. Ne4 Qxb2 24. Qxb2 Bxb2 25. Rb1 Be5 26. Nf3 Rfd8 27. Nxe5
Nxe5 28. Kc2 Bc6 29. f3 Bxe4+ 30. fxe4 Rd4 31. Re1 Rad8 32. g3 Rd2+ 33. Kb1 Rf2
34. Bh3 Rdd2 35. Bf1 Rxa2 36. h3 Rfb2+ 37. Kc1 c3 38. h4 Ra1# 0-1

[Event "AUTO-ADV-4068"]
[Site "http://www.queenalice.com/game.php?id=1542056"]
[Date "2018.9.12"]
[Round "1"]
[White "Bulldozer"]
[Black "byyonico"]
[Result "1-0"]
[WhiteElo "1837"]
[BlackElo "1739"]

1. e4 c5 2. Nf3 d6 3. d4 cxd4 4. Nxd4 Nf6 5. Nc3 a6 6. a4 e6 7. Bc4 Be7 8. Be3
O-O 9. O-O Bd7 10. h3 Nc6 11. Kh1 Qb6 12. Nb3 Qc7 13. Be2 Ne5 14. Nd2 Qc6 15. f4
Ng6 16. Bf3 e5 17. f5 Nh8 18. Rc1 b5 19. axb5 axb5 20. b3 b4 21. Na4 Qc3 22.
Nxc3 bxc3 23. Nc4 Ne8 24. Nxe5 Bb5 25. Ng4 h5 26. Nf2 Bxf1 27. Qxf1 g6 28. Bh6
Ng7 29. Bxg7 Kxg7 30. Qc4 Rfc8 31. Qb5 h4 32. Ng4 f6 33. Ne3 Nf7 34. fxg6 Kxg6
35. Qh5+ Kg7 36. Bg4 Rh8 37. Qd5 Ng5 38. Nf5+ Kh7 39. Nxe7 Rad8 40. Qf5+ Kg7 41.
Qg6+ Kf8 42. Qxf6+ Nf7 43. Ng6+ Ke8 44. Qe7# 1-0

[Event "AUTO-ADV-4068"]
[Site "http://www.queenalice.com/game.php?id=1542057"]
[Date "2018.9.12"]
[Round "1"]
[White "byyonico"]
[Black "Bulldozer"]
[Result "0-1"]
[WhiteElo "1744"]
[BlackElo "1849"]

1. e4 e6 2. d4 d5 3. e5 c5 4. c3 Nc6 5. Nf3 Qb6 6. b3 cxd4 7. cxd4 Bb4+ 8. Bd2
Nxd4 9. Nc3 Ne7 10. Bd3 Nec6 11. O-O O-O 12. a3 Nxf3+ 13. Qxf3 Nxe5 14. Bxh7+
Kxh7 15. Qh5+ Kg8 16. Qxe5 Bd6 17. Qe2 Qxb3 18. a4 Qb6 19. a5 Qd8 20. Kh1 Bd7
21. Nb5 Be7 22. Rfc1 a6 23. Nd4 Bf6 24. Bc3 Rc8 25. g3 Rxc3 26. Rxc3 Bxd4 27.
Qd3 Bxc3 28. Qxc3 Bc6 29. h4 Qd6 30. Rd1 Rd8 31. Kh2 f6 32. Rd4 e5 33. Rg4 d4
34. Qd3 e4 35. Qb3+ Bd5 36. Qa4 Rc8 37. h5 Bc6 38. Qd1 Kf7 39. Qd2 Rh8 40. Rh4
Re8 41. h6 e3 42. fxe3 Rxe3 43. Qf2 Qd5 44. Qd2 Qh1# 0-1